000 00303nam a2200109Ia 4500
008 190919s9999||||xx |||||||||||||| ||und||
100 _aThierry Meyssan
245 0 _a9/11 The Big Lie : Challenges the entire official version
260 _aKarachi
_bTata McGraw Hill
_c2005
300 _a847
942 _cBK
999 _c11475
_d11475